Risk insurance for specific construction programmes (Record no. 83394)
[ view plain ]
| 000 -LEADER | |
|---|---|
| fixed length control field | 00887cab a22001815a 4500 |
| 001 - CONTROL NUMBER | |
| control field | L153831 |
| 008 - FIXED-LENGTH DATA ELEMENTS--GENERAL INFORMATION | |
| fixed length control field | 110912s2011 xxka f 000 0 eng d |
| 035 ## - SYSTEM CONTROL NUMBER | |
| System control number | (Sirsi) u153831 |
| 041 0# - LANGUAGE CODE | |
| Language code of text/sound track or separate title | eng |
| 100 ## - MAIN ENTRY--PERSONAL NAME | |
| Personal name | Warburton, Peter |
| 245 00 - TITLE STATEMENT | |
| Title | Risk insurance for specific construction programmes |
| 260 ## - PUBLICATION, DISTRIBUTION, ETC. | |
| Date of publication, distribution, etc. | 2011 |
| 490 ## - SERIES STATEMENT | |
| Series statement | Civil Engineering Surveyor |
| Volume/sequential designation | September 2011, 44(1) |
| 520 ## - SUMMARY, ETC. | |
| Summary, etc. | The more partners and contractors involved in a project whatever its size, the more complicated insuring the scheme can become. Looks at covering risk, bespoke construction cover, safe proofing through insurance, covering specialist schemes, cover for more complex builds, tailored cover in practice. |
| 651 #4 - SUBJECT ADDED ENTRY--GEOGRAPHIC NAME | |
| Geographic name | United Kingdom |
| Chronological subdivision | |
| 690 ## - LOCAL SUBJECT ADDED ENTRY--TOPICAL TERM (OCLC, RLIN) | |
| Topical term or geographic name as entry element | MANAGEMENT-DISPUTE AVOIDANCE, MANAGEMENT AND RESOLUTION-DISPUTE MANAGEMENT AND RESOLUTION-ALTERNATIVE DISPUTE RESOLUTION-ADJUDICATION |
| 942 ## - ADDED ENTRY ELEMENTS (KOHA) | |
| Suppress in OPAC | 0 |
| Withdrawn status | Lost status | Source of classification or shelving scheme | Damaged status | Not for loan | Home library | Current library | Shelving location | Date acquired | Total Checkouts | Full call number | Barcode | Date last seen | Copy number | Price effective from | Koha item type |
|---|---|---|---|---|---|---|---|---|---|---|---|---|---|---|---|
| Dewey Decimal Classification | London | London | Journal article | 12/09/2011 | L153831 | 153831-1001 | 06/08/2019 | 1 | 06/08/2019 | Journal article |